[Event "Detroit op"]
[Site "Detroit"]
[Date "2003.02.15"]
[Round "1"]
[White "Jones, Cedric"]
[Black "Brown, Ben"]
[Result "1/2-1/2"]
[WhiteElo "967"]
[BlackElo "855"]
[PlyCount "108"]
[EventDate "2003.02.15"]
[EventType "swiss"]
[EventRounds "4"]
[EventCountry "USA"]
[SourceTitle "EXT 2007"]
[Source "ChessBase"]
[SourceDate "2006.11.23"]
[SourceVersion "1"]
[SourceVersionDate "2006.11.23"]
[SourceQuality "1"]

1. e4 e5 2. Nf3 Nc6 3. d4 d6 4. dxe5 dxe5 5. Qxd8+ Kxd8 6. Bb5 Nd4 7. Nxd4 exd4 8. 0-0 a6 9. Bc4 Be6 10. Rd1 Bc5 11. Bxe6 fxe6 12. Be3 e5 13. c3 Kc8 14. cxd4 exd4 15. Bxd4 Bxd4 16. Rxd4 b6 17. Nc3 Ne7 18. Rad1 Nc6 19. Rd5 Kb7 20. Rd7 g5 21. Nd5 Rac8 22. Rd3 g4 23. Rb3 b5 24. a4 Nd4 25. Rb4 Kc6 26. Rxd4 Kxd7 27. Nb6+ Kc6 28. Nxc8 Rxc8 29. axb5+ axb5 30. e5 Re8 31. Rxg4 Rxe5 32. f4 Re2 33. b4 Re4 34. Rh4 Rxb4 35. Rh6+ Kd5 36. f5 Ke4 37. h3 Rb1+ 38. Kh2 b4 39. Rxh7 b3 40. Rxc7 b2 41. Rb7 Kd3 42. f6 Kc2 43. f7 Rf1 44. Rc7+ Kd3 45. Rd7+ Kc4 46. Rc7+ Kd5 47. Rb7 b1Q 48. f8Q Rh1+ 49. Kg3 Qe1+ 50. Kg4 Qe6+ 51. Qf5+ Qxf5+ 52. Kxf5 Rh2 53. g4 Rxh3 54. Rb5+ Kd6 1/2-1/2